Statistics for 12 Months in 20 Seconds*

Click here to take the quiz!

General Stats

  • This quiz has been taken 1,763 times
  • The average score is 9 of 12

Answer Stats

HintAnswer% Correct
1January
94%
3March
89%
5May
88%
4April
87%
6June
86%
7July
85%
2February
84%
8August
78%
9September
71%
10October
63%
11November
53%
12December
40%

Score Distribution

Percentile by Number Answered

Percent of People with Each Score

Your Score History

You have not taken this quiz